000 00296nam a22001337a 4500
008 170321b xxu||||| |||| 00| 0 eng d
020 _a9780781745093
041 _aeng
080 _a616.12 -008-073
100 _a7
101 _aSHM
245 _aHYPERTENSION PRIMER
_cIZZO.J.L
942 _2udc
_cBK
999 _c8245
_d8245